Daňové raje

Problematika daňových únikov v štátoch Európskej únie. Základné informácie o daňových rajoch a daňových únikoch. Modelový príklad daňového úniku.

Guardado en:
Detalles Bibliográficos
Autor principal: Kopčáková, Janka, 1994-
Formato: Capítulo de libro
Lenguaje:eslovaco
Materias:
Etiquetas: Agregar Etiqueta
Sin Etiquetas, Sea el primero en etiquetar este registro!

MARC

LEADER 00000naa$a2200000$$$4500
001 0250381
005 20240502074020.0
041 0 |a slo 
044 |a SK 
245 1 0 |a Daňové raje  |c Janka Kopčáková 
520 |a Problematika daňových únikov v štátoch Európskej únie. Základné informácie o daňových rajoch a daňových únikoch. Modelový príklad daňového úniku. 
610 2 0 |a únik daňový 
610 2 0 |a Európska únia 
610 2 0 |a raje daňové 
610 2 0 |a dane 
610 2 0 |a kriminalita finančná 
610 2 0 |a Slovensko 
100 1 |a Kopčáková, Janka, 1994-